000 00417nam a2200181Ia 4500
001 13969
005 20260306164840.0
008 260306t2011||||xx |||||||||||||| ||spa||
041 _aESP
082 _a005.74
_bO666
100 _aOppel, Andy
_eAUT
245 0 _aDatabases DeMYSTiFieD
260 _c2011
300 _axvi, 430 páginas :
_c23 cm.
650 _aGEN
654 _aCCC
942 _cLIB
_dJUS
_fJUS
_2ddc
_n
999 _c13969
_d13969